• 首页
  • 本馆介绍
  • 公告通知
  • 最新文献
  • 馆藏检索
  • 电子资源
  • 读者导购
  • 参考咨询
  • 我的图书馆
  • 登录
  • 详细信息显示
  • 放入我的书架
  • 预约/预借图书
  • 作者相关作品
  • 分类相关作品
  • 丛书相关作品
  • 出版社相关作品

书目信息

  • 表格格式
  • 工作单格式
  • 卡片格式
题名:
产品与包装
    
 
作者: 贺星临 , 朱钟炎 编著
分册:  
出版信息: 北京   机械工业出版社  2009
页数: 70页
开本: 26cm
丛书名: 艺术设计类专业指导丛书
单 册:
中图分类: J524.2
科图分类:
主题词: 包装设计
电子资源:
ISBN: 978-7-111-27944-0
000 01037oam2 2200277 45
001 1129239843
005 20110420092216.33
010    @a978-7-111-27944-0@dCNY32.00
100    @a20110414d2009 em y0chiy50 ea
101 0  @achi
102    @aCN@b110000
105    @ay z 000yy
106    @ar
200 1  @a产品与包装@AChan Pin Yu Bao Zhuang@dProduct & package design@f贺星临,朱钟炎编著@FHe Xing Lin, Zhu Zhong Yan Bian Zhu@zeng
210    @a北京@c机械工业出版社@d2009
215    @a70页@c图@d26cm
225 2  @a艺术设计类专业指导丛书
330    @a本书从产品设计的角度对包装设计进行解读。通过对包装设计理论的研究并结合经典设计案例的剖析,探讨了产品与包装、人与包装之间的内在联系,建立了一种超越平面视觉的立体、多维的产品包装设计概念。
461  0 @12001@@a艺术设计类专业指导丛书
510 1  @aProduct & package design@zeng
606 0  @a包装设计
690    @aJ524.2@v4
701  0 @a贺星临@AHe Xing Lin@4编著
701  0 @a朱钟炎@AZhu Zhong Yan@4编著
801  0 @aCN@bTANGWEI@c20110420
905    @b0537541-45@dJ524.2@e513@f5
    
    产品与包装=Product & package design/贺星临,朱钟炎编著.-北京:机械工业出版社,2009
    70页:图;26cm.-(艺术设计类专业指导丛书)
    
    
    ISBN 978-7-111-27944-0:CNY32.00
    本书从产品设计的角度对包装设计进行解读。通过对包装设计理论的研究并结合经典设计案例的剖析,探讨了产品与包装、人与包装之间的内在联系,建立了一种超越平面视觉的立体、多维的产品包装设计概念。
●
相关链接 在E读中查询图书 在五车中查询图书 在当当中查询图书 在豆瓣中查询图书


正题名:产品与包装     索取号:J524.2/513         预约/预借

序号 登录号 条形码 馆藏地/架位号 状态 备注
1 0537541   205375413   第一样本阅览室/ [索取号:J524.2/513] 在馆    
2 0537542   205375422   第一借阅区/ [索取号:J524.2/513] 在馆    
3 0537543   205375431   第一借阅区/ [索取号:J524.2/513] 在馆    
4 0537544   205375440   密集书库-美术系/ [索取号:J524.2/513] 在馆    
5 0537545   205375459   第一借阅区/ [索取号:J524.2/513] 在馆    
唐山师范学院图书馆 欢迎您!
大连网信软件有限公司© 版权所有